|
|
|
|
| LEADER |
00895cam a2200241 7i4500 |
| 001 |
0000036618 |
| 005 |
20170320090000.0 |
| 008 |
110302 eng |
| 020 |
|
|
|a 9780470522783 (hbk.)
|
| 090 |
0 |
0 |
|a BF76.5
|b .G64 2010
|
| 100 |
1 |
|
|a Goodwin, C. James
|
| 245 |
1 |
0 |
|a Research in psychology :
|b methods and design
|c C. James Goodwin.
|
| 250 |
|
|
|a 6th ed.
|
| 260 |
|
|
|a Hoboken, N.J.:
|b John Wiley & Sons,
|c 2010.
|
| 300 |
|
|
|a xxiii, 600 p.:
|b ill.;
|c 25 cm.
|
| 504 |
|
|
|a Includes bibliographical references and index
|
| 650 |
0 |
0 |
|a Psychology, Experimental
|
| 650 |
0 |
0 |
|a Psychology --
|x Research
|
| 650 |
0 |
0 |
|a Research --
|x methods
|
| 650 |
0 |
0 |
|a Psychology --
|x Research --
|x Methodology
|
| 997 |
|
|
|a Education & Social Sciences, Faculty
|b Social Sciences, Department
|
| 998 |
|
|
|a Industrial Psychology, Degree
|
| 999 |
|
|
|a 0000041955
|b BOK
|c OPEN SHELF
|e 1st Floor, Bestari Jaya
|